2402-伊勢鉄道の駅 - Statistics

General Stats
  • This quiz has been taken 69 times
  • The average score is 7 of 10
Answer Stats
本線 % Correct
100%
鈴鹿
96%
鈴鹿サーキット稲生
88%
河原田
86%
東一身田
80%
玉垣
63%
中瀬古
57%
河芸
51%
伊勢上野
49%
徳田
37%
No matching quizzes found
Score Distribution
Percent of People with Each Score
Percentile by Number Answered
Your Score History
You have not taken this quiz